Jak chronic rynek krajowy przed nadmiernym importem.

Obmedzené možnosti Poľska zvyšovať clá na dovážané tovary. Podľa dohôd s ES clá na dovoz priemyselných tovarov, roľníckych produktov, rybích výrobkov sa zrušia. Antidumpingové clá. Možnosti obmedzenia dovozu podľa zmluvy GATT. Možnosti zvýšenia ciel do 25 perc. Uplatnenie vyrovnávacích ciel. Raciona...

Ausführliche Beschreibung

Gespeichert in:
Bibliographische Detailangaben
1. Verfasser: Plowiec, U.
Format: Buchkapitel
Sprache:Polnisch
Schlagworte:
Tags: Tag hinzufügen
Keine Tags, Fügen Sie das erste Tag hinzu!

MARC

LEADER 00000naa a2200000 4500
001 r008546
005 20221125122441.0
041 0 |a pol 
044 |a PL 
245 1 0 |a Jak chronic rynek krajowy przed nadmiernym importem.  |c U. Plowiec 
520 |a Obmedzené možnosti Poľska zvyšovať clá na dovážané tovary. Podľa dohôd s ES clá na dovoz priemyselných tovarov, roľníckych produktov, rybích výrobkov sa zrušia. Antidumpingové clá. Možnosti obmedzenia dovozu podľa zmluvy GATT. Možnosti zvýšenia ciel do 25 perc. Uplatnenie vyrovnávacích ciel. Racionalizácia dovozu. 
610 2 0 |a trh vnútorný 
610 2 0 |a clá 
610 2 0 |a PR 
610 2 0 |a dovoz 
610 2 0 |a výrobky priemyselné 
610 2 0 |a výrobky poľnohospodárske 
610 2 0 |a Európske spoločenstvá 
100 1 |a Plowiec, U.